[Event "77th ch-ITA 2017"]
[Site "Cosenza ITA"]
[Date "2017.12.04"]
[Round "6"]
[White "Godena,M"]
[Black "David,Alb"]
[Result "1/2-1/2"]
[WhiteElo "2490"]
[BlackElo "2570"]
[EventDate "2017.11.29"]

1. e4 c5 2. c3 Nf6 3. e5 Nd5 4. Bc4 e6 5. Nf3 d6 6. d4 cxd4 7. cxd4 Be7 8.
O-O O-O 9. Qe2 Nc6 10. Nc3 Nxc3 11. bxc3 dxe5 12. dxe5 b6 13. Qe4 Qc7 14.
Bd3 g6 15. Bh6 Rd8 16. Rad1 1/2-1/2

[Event "77th ch-ITA 2017"]
[Site "Cosenza ITA"]
[Date "2017.12.05"]
[Round "7"]
[White "Gilevych,Artem"]
[Black "Godena,M"]
[Result "0-1"]
[WhiteElo "2429"]
[BlackElo "2490"]
[EventDate "2017.11.29"]

1. d4 d5 2. c4 e6 3. Nc3 Bb4 4. Nf3 dxc4 5. Qa4+ Nc6 6. e3 Bd7 7. Qc2 b5 8.
a4 a6 9. e4 Nge7 10. Be2 Na5 11. Be3 c5 12. axb5 axb5 13. O-O cxd4 14. Nxd4
Qb8 15. Bd2 Bc5 16. Ncxb5 Bxb5 17. Nxb5 Qxb5 18. Bxc4 Qb6 19. b4 Bxb4 20.
Bxb4 Qxb4 21. Rfb1 Qd6 22. Bb5+ Kf8 23. Qc3 Qd8 24. h4 f6 25. Ra4 Nb7 26.
Rxa8 Qxa8 27. Bc6 Qa5 28. Qxa5 Nxa5 29. Rb8+ Kf7 30. Rxh8 Naxc6 31. Ra8 h5
32. g3 e5 33. Kg2 Nd4 34. Rb8 Nec6 35. Rb7+ Kg6 36. Rc7 Nd8 37. f4 exf4 38.
gxf4 f5 39. exf5+ Nxf5 40. Kh3 Ne6 41. Rc4 Nfd4 42. Kg3 Kf5 43. Ra4 Nxf4
44. Ra5+ Ke4 45. Ra4 Nfe6 46. Rb4 Ke3 47. Ra4 Nf5+ 48. Kh2 Kf3 0-1

[Event "77th ch-ITA 2017"]
[Site "Cosenza ITA"]
[Date "2017.12.05"]
[Round "7"]
[White "Genocchio,D"]
[Black "Brunello,S"]
[Result "0-1"]
[WhiteElo "2410"]
[BlackElo "2556"]
[EventDate "2017.11.29"]

1. e4 c6 2. d3 d5 3. Nd2 e5 4. Ngf3 Bd6 5. d4 exd4 6. Bd3 c5 7. O-O Ne7 8.
exd5 O-O 9. c4 dxc3 10. Ne4 Nxd5 11. Bc4 Be6 12. Nfg5 Be7 13. Qh5 Bxg5 14.
Bxg5 Nf4 15. Bxf4 Bxc4 16. Rfd1 cxb2 17. Rab1 Nd7 18. Be5 Re8 19. Rxd7 Qxd7
20. Nf6+ gxf6 21. Bxf6 Qd3 0-1

[Event "77th ch-ITA 2017"]
[Site "Cosenza ITA"]
[Date "2017.12.05"]
[Round "7"]
[White "Moroni,L"]
[Black "Sonis,Francesco"]
[Result "1/2-1/2"]
[WhiteElo "2506"]
[BlackElo "2420"]
[EventDate "2017.11.29"]

1. c4 Nf6 2. Nc3 e6 3. e4 c5 4. e5 Ng8 5. Nf3 Nc6 6. d4 cxd4 7. Nxd4 Nxe5
8. Ndb5 a6 9. Nd6+ Bxd6 10. Qxd6 f6 11. Be3 Ne7 12. Bb6 Nf5 13. Qc5 d6 14.
Qa5 Qd7 15. f4 Nc6 16. Qa3 Nce7 17. O-O-O Qc6 18. Qb3 O-O 19. Rg1 d5 20. g4
Nd6 21. c5 Nc4 22. Bxc4 dxc4 23. Qxc4 Nd5 24. Nxd5 exd5 25. Qxd5+ Qxd5 26.
Rxd5 Be6 27. Rd3 Bc4 28. Rd7 Rf7 29. Rgd1 Re8 30. Rd8 Rxd8 31. Rxd8+ Rf8
32. Rd7 Rf7 33. Rd4 Bxa2 34. f5 Re7 35. Ba7 h5 36. gxh5 Re5 37. h6 gxh6 38.
Rd8+ Kf7 39. Rd7+ Re7 40. Rd6 Re5 41. Rd7+ Re7 1/2-1/2

[Event "77th ch-ITA 2017"]
[Site "Cosenza ITA"]
[Date "2017.12.05"]
[Round "7"]
[White "Stella,A"]
[Black "Valsecchi,A"]
[Result "1/2-1/2"]
[WhiteElo "2506"]
[BlackElo "2501"]
[EventDate "2017.11.29"]

1. d4 d5 2. Nf3 Nf6 3. c4 e6 4. e3 Be7 5. Nc3 O-O 6. Be2 dxc4 7. Bxc4 c5 8.
O-O cxd4 9. exd4 Nc6 10. a3 b6 11. Re1 Bb7 12. Ba2 Rc8 13. Qd3 Rc7 14. Bg5
Nh5 15. Be3 Rd7 16. Rad1 Nf6 17. Bg5 Nd5 18. h4 Nxc3 19. bxc3 Bf6 20. d5
exd5 21. Bxd5 Nb4 22. cxb4 Rxd5 23. Qe2 Bxg5 24. Nxg5 h6 25. Nf3 Rxd1 26.
Rxd1 Bxf3 27. Qxf3 Qe7 1/2-1/2

[Event "77th ch-ITA 2017"]
[Site "Cosenza ITA"]
[Date "2017.12.05"]
[Round "7"]
[White "Garcia Palermo,C"]
[Black "Dvirnyy,D"]
[Result "0-1"]
[WhiteElo "2440"]
[BlackElo "2539"]
[EventDate "2017.11.29"]

1. Nf3 Nf6 2. g3 d5 3. Bg2 g6 4. b4 Bg7 5. Na3 O-O 6. O-O c6 7. c4 a5 8. b5
dxc4 9. Bb2 Bd7 10. bxc6 Bxc6 11. Nxc4 Nbd7 12. Rc1 b5 13. Na3 Rc8 14. Rxc6
Rxc6 15. Nd4 Rc8 16. Nc6 Qe8 17. Nxb5 Nb8 18. Nca7 Rc4 19. a4 Qd7 20. d3
Rd8 21. Be5 Na6 22. Qb3 Rb4 23. Qc2 Ng4 24. Bxg7 Kxg7 25. Nc6 Rc8 26. d4
Nf6 27. d5 Nb8 28. Qa2 Nxc6 29. dxc6 Rxc6 30. Bxc6 Qxc6 31. Ra1 Ne4 32. Qa3
Qf6 33. f3 Nc5 34. Qc1 Nb3 0-1

[Event "77th ch-ITA 2017"]
[Site "Cosenza ITA"]
[Date "2017.12.07"]
[Round "8"]
[White "Valsecchi,A"]
[Black "Garcia Palermo,C"]
[Result "1-0"]
[WhiteElo "2501"]
[BlackElo "2440"]
[EventDate "2017.11.29"]

1. d4 Nf6 2. c4 e6 3. Nf3 b6 4. g3 Bb7 5. Bg2 Be7 6. O-O O-O 7. Re1 Qc8 8.
Bg5 Bb4 9. Bxf6 Bxe1 10. Be7 Ba5 11. Bxf8 Qxf8 12. a3 c5 13. Qc2 f5 14. d5
Na6 15. Nfd2 Bxd2 16. Qxd2 d6 17. dxe6 Bxg2 18. Kxg2 Nc7 19. Nc3 Re8 20. a4
Rxe6 21. a5 h5 22. axb6 axb6 23. Nd5 Nxd5 24. Qxd5 Qf6 25. Ra6 Kh7 26. Rxb6
h4 27. Qf3 Qg5 28. e3 Rh6 29. Rb8 h3+ 30. Kf1 Re6 31. Rf8 Kg6 32. Qd5 Rf6
33. f4 1-0

[Event "77th ch-ITA 2017"]
[Site "Cosenza ITA"]
[Date "2017.12.07"]
[Round "8"]
[White "Sonis,Francesco"]
[Black "Stella,A"]
[Result "0-1"]
[WhiteElo "2420"]
[BlackElo "2506"]
[EventDate "2017.11.29"]

1. e4 c5 2. Nf3 Nc6 3. d4 cxd4 4. Nxd4 Nf6 5. Nc3 d6 6. Bc4 e6 7. Bb3 Be7
8. Be3 O-O 9. Qe2 Bd7 10. O-O-O Qb8 11. Rhg1 Nxd4 12. Bxd4 b5 13. g4 b4 14.
e5 Ne8 15. Ne4 Bb5 16. Qe3 dxe5 17. Bc5 Bxc5 18. Qxc5 a5 19. g5 a4 20. Nf6+
Nxf6 21. gxf6 g6 22. Qe3 Rd8 23. Rxd8+ Qxd8 24. Bxe6 fxe6 25. Qxe5 Qd5 26.
Qe3 Rf8 27. Qh6 Rxf6 28. Rd1 Qc5 29. Qh4 Rxf2 30. Qe4 Re2 31. Rd8+ Kg7 32.
Rd7+ Bxd7 0-1

[Event "77th ch-ITA 2017"]
[Site "Cosenza ITA"]
[Date "2017.12.07"]
[Round "8"]
[White "Brunello,S"]
[Black "Moroni,L"]
[Result "0-1"]
[WhiteElo "2556"]
[BlackElo "2506"]
[EventDate "2017.11.29"]

1. e4 e5 2. Nf3 Nc6 3. g3 g6 4. Bg2 Bg7 5. O-O Nge7 6. d3 O-O 7. c3 d5 8.
Nbd2 h6 9. Re1 Re8 10. b4 d4 11. cxd4 Nxd4 12. Nb3 Nxf3+ 13. Bxf3 Nc6 14.
b5 Nd4 15. Nxd4 Qxd4 16. Be3 Qd6 17. Rc1 Bd7 18. Qb3 Rec8 19. Be2 a6 20. a4
axb5 21. axb5 Ra5 22. Rc5 b6 23. Rd5 Qe7 24. Bd2 Ra7 25. Bb4 Qe8 26. d4
exd4 27. Bc4 Be6 28. Qd3 Ra4 29. Bd2 Rca8 30. Kg2 Kh7 31. h4 h5 32. Bf4 Qe7
33. Rc1 Ra3 34. Qd2 Rc3 35. Rxc3 dxc3 36. Qe2 Ra4 0-1

[Event "77th ch-ITA 2017"]
[Site "Cosenza ITA"]
[Date "2017.12.07"]
[Round "8"]
[White "Godena,M"]
[Black "Genocchio,D"]
[Result "1/2-1/2"]
[WhiteElo "2490"]
[BlackElo "2410"]
[EventDate "2017.11.29"]

1. e4 d6 2. d4 Nf6 3. Nc3 g6 4. Nf3 Bg7 5. Bf4 O-O 6. Be2 Nc6 7. O-O Bg4 8.
Re1 Re8 9. d5 e5 10. dxc6 exf4 11. cxb7 Rb8 12. e5 Nd7 13. exd6 Bxc3 14.
bxc3 Rxb7 15. h3 Be6 16. Qd4 cxd6 17. Qxf4 d5 18. Nd4 Qf6 19. Qd6 Nb6 20.
Bb5 Rd8 21. Qc5 Bd7 22. Bxd7 Rbxd7 23. Re2 Kg7 24. Rae1 Rc8 25. Qa3 Nc4 26.
Qb4 Nd6 27. Re3 Ne4 28. Rf3 Qa6 29. Nb3 Rc4 30. Qb8 Qd6 31. Qxd6 1/2-1/2

[Event "77th ch-ITA 2017"]
[Site "Cosenza ITA"]
[Date "2017.12.07"]
[Round "8"]
[White "David,Alb"]
[Black "Gilevych,Artem"]
[Result "1/2-1/2"]
[WhiteElo "2570"]
[BlackElo "2429"]
[EventDate "2017.11.29"]

1. Nf3 d5 2. g3 Bg4 3. Bg2 Nd7 4. O-O e6 5. d3 Ngf6 6. Qe1 Be7 7. e4 O-O 8.
h3 Bh5 9. Nfd2 dxe4 10. dxe4 e5 11. Nc4 Ne8 12. a4 f6 13. Nba3 Nc5 14. Be3
Nxa4 15. f4 exf4 16. Rxf4 Nb6 17. Na5 Nd6 18. c4 c5 19. Bxc5 Rc8 20. b4 Na4
21. e5 Nxc5 22. bxc5 Nf7 23. Nxb7 Bxc5+ 24. Nxc5 Rxc5 25. exf6 gxf6 26. Qf2
Ra5 27. Rxf6 Qd3 28. g4 Bg6 29. Rf3 Qd6 30. Qe3 Rb8 31. Raf1 Ne5 32. Rg3 a6
33. Qf4 Kg7 34. g5 Re8 35. Re3 h5 36. gxh6+ Kh7 37. Qf6 Qxf6 38. Rxf6 Ng4
39. Rxe8 Nxf6 40. Re6 Nh5 41. Re3 Nf4 42. Bf1 Kxh6 43. Kf2 Kg5 44. Rg3+ Kf6
45. Rf3 Ke5 46. Kg3 Nh5+ 47. Kf2 Be4 48. Rb3 Kd4 49. c5 Kxc5 50. Ke3 Bd5
51. Rc3+ Kb4 52. Kd4 Rxa3 53. Rxa3 Kxa3 54. Kxd5 Nf4+ 55. Ke4 Nxh3 56. Bxa6
1/2-1/2

[Event "77th ch-ITA 2017"]
[Site "Cosenza ITA"]
[Date "2017.12.08"]
[Round "9"]
[White "Genocchio,D"]
[Black "David,Alb"]
[Result "0-1"]
[WhiteElo "2410"]
[BlackElo "2570"]
[EventDate "2017.11.29"]

1. f4 d5 2. Nf3 g6 3. d3 Nc6 4. c3 Bg7 5. g3 Nf6 6. Bg2 O-O 7. O-O a5 8. a4
Nd7 9. d4 Nf6 10. Ne5 Bf5 11. Nd2 Na7 12. h3 h5 13. Qb3 Qc8 14. Kh2 c5 15.
c4 Nc6 16. cxd5 Nxd4 17. Qc4 Nd7 18. Nxd7 Bxd7 19. Qd3 b5 20. e3 c4 21. Qb1
Ne2 22. Ne4 bxa4 23. Rf2 Nxc1 24. Qxc1 Rb8 25. Rc2 Rb4 26. Nd2 Bb5 27. e4
h4 28. Ra3 Qc7 29. e5 f6 30. d6 exd6 31. Bd5+ Kh8 32. exf6 Bxf6 33. Ne4 Qg7
34. Rac3 Be7 35. Qe1 Ba6 36. Qf2 Bb7 37. Rd2 hxg3+ 38. Kxg3 g5 39. Bxb7
Rxb7 0-1

[Event "77th ch-ITA 2017"]
[Site "Cosenza ITA"]
[Date "2017.12.08"]
[Round "9"]
[White "Moroni,L"]
[Black "Godena,M"]
[Result "1/2-1/2"]
[WhiteElo "2506"]
[BlackElo "2490"]
[EventDate "2017.11.29"]

1. c4 e5 2. Nc3 Bb4 3. Nd5 Bc5 4. Nf3 c6 5. Nc3 d6 6. e3 Qe7 7. d4 exd4 8.
Nxd4 Nf6 9. Be2 O-O 10. O-O Rd8 11. a3 Bb6 12. b4 Nbd7 13. Bb2 Ne5 14. h3
Bd7 15. Qb3 Bxd4 16. exd4 Ng6 17. Rfe1 d5 18. c5 Ne4 19. Nxe4 dxe4 20. Bc4
Nf4 21. Qg3 Nd5 22. Bc1 Re8 23. Bg5 Qe6 24. Bf4 Qg6 25. Qxg6 hxg6 26. Be5
Be6 27. b5 Nc3 28. bxc6 bxc6 29. Bf1 f6 30. Bc7 Nd5 31. Bd6 f5 32. Rab1 a5
33. Be5 Ra7 34. Rb2 g5 35. Reb1 Kf7 36. Bd6 Rd8 37. Rb7+ Rxb7 38. Rxb7+ Rd7
39. Rb8 Ra7 40. Be2 Nf4 41. Bd1 a4 42. Be5 Bb3 43. Bxb3+ axb3 44. Rxb3 Ke6
45. h4 Nd3 46. Bb8 Ra4 47. hxg5 Rc4 48. Rb7 Rc1+ 49. Kh2 Nxf2 50. Rxg7 e3
51. Bd6 f4 52. g4 Nxg4+ 53. Kg2 Kf5 54. Rf7+ Kg6 55. Re7 Kxg5 56. Rg7+ Kf5
57. Rf7+ Kg6 58. Rxf4 e2 59. Rxg4+ Kh5 60. Re4 e1=Q 61. Rxe1 Rxe1 62. Kf3
Kg5 63. Bg3 Rd1 64. Ke4 Kf6 65. a4 Ra1 66. Be5+ Ke6 67. Kd3 Kd5 68. Kc3
Rxa4 69. Kb3 Rc4 70. Bf6 Rc1 71. Kb4 Rb1+ 72. Ka5 Kc4 73. Be5 Rb5+ 74. Ka6
Kd5 75. Bf6 Rb4 76. Ka5 Rb1 77. Ka6 Rb3 78. Ka5 Rf3 79. Be5 Rb3 80. Bf6
Rb5+ 81. Ka6 Rb4 82. Ka5 Rxd4 83. Bxd4 Kxd4 84. Kb4 Kd5 85. Kb3 Kxc5 86.
Kc3 Kd5 87. Kd3 c5 88. Kc3 c4 89. Kc2 Kd4 90. Kd2 c3+ 91. Kc2 Kc4 92. Kc1
Kd3 93. Kd1 c2+ 94. Kc1 Kc3 1/2-1/2

[Event "77th ch-ITA 2017"]
[Site "Cosenza ITA"]
[Date "2017.12.08"]
[Round "9"]
[White "Stella,A"]
[Black "Brunello,S"]
[Result "1/2-1/2"]
[WhiteElo "2506"]
[BlackElo "2556"]
[EventDate "2017.11.29"]

1. d4 Nf6 2. c4 e6 3. Nc3 Bb4 4. Qc2 d5 5. a3 Bxc3+ 6. Qxc3 O-O 7. Nf3 b6
8. Bg5 dxc4 9. Qxc4 Ba6 10. Qa4 Qe8 11. Qxe8 Rxe8 12. Bxf6 gxf6 13. e3 Bxf1
14. Kxf1 Nd7 1/2-1/2

[Event "77th ch-ITA 2017"]
[Site "Cosenza ITA"]
[Date "2017.12.08"]
[Round "9"]
[White "Garcia Palermo,C"]
[Black "Sonis,Francesco"]
[Result "0-1"]
[WhiteElo "2440"]
[BlackElo "2420"]
[EventDate "2017.11.29"]

1. Nf3 Nf6 2. g3 b5 3. e3 a6 4. Bg2 Bb7 5. O-O e6 6. b3 Be7 7. c4 O-O 8.
Nc3 c5 9. Qe2 d5 10. d4 dxc4 11. bxc4 cxd4 12. Nxd4 Bxg2 13. Kxg2 Qc7 14.
Bd2 bxc4 15. Qf3 Nbd7 16. Rab1 Ne5 17. Qb7 Qxb7+ 18. Rxb7 Bc5 19. Na4 Ne4
20. Ba5 Rac8 21. Rd1 Nd3 22. f3 Nd6 23. Rd7 Bxd4 24. exd4 Nf5 25. Rb1 Ne3+
26. Kg1 Rb8 27. Rbb7 Nd5 28. Nc3 Nxc3 29. Bxc3 Nc1 30. Bd2 Nxa2 31. Rxf7
Rxb7 32. Rxb7 c3 33. Kf2 cxd2 34. Ke2 Nc3+ 35. Kxd2 Rxf3 0-1

[Event "77th ch-ITA 2017"]
[Site "Cosenza ITA"]
[Date "2017.12.08"]
[Round "9"]
[White "Dvirnyy,D"]
[Black "Valsecchi,A"]
[Result "1/2-1/2"]
[WhiteElo "2539"]
[BlackElo "2501"]
[EventDate "2017.11.29"]

1. Nf3 Nf6 2. g3 b6 3. Bg2 Bb7 4. O-O g6 5. c4 Bg7 6. d4 O-O 7. Bf4 Nh5 8.
Be3 d6 9. Nc3 Nd7 10. Re1 a6 11. Qc2 Rb8 12. Rad1 Nhf6 13. Bg5 b5 14. c5 b4
15. Nb1 Be4 16. Qc1 dxc5 17. dxc5 Qe8 18. Nbd2 Bc6 19. Nb3 e5 20. Na5 Ba4
21. c6 Nb6 22. b3 Bb5 23. Qc5 Ne4 24. Qxb4 f5 25. Be3 Rf7 26. Bc5 Bf6
1/2-1/2

[Event "77th ch-ITA 2017"]
[Site "Cosenza ITA"]
[Date "2017.12.09"]
[Round "10"]
[White "Sonis,Francesco"]
[Black "Dvirnyy,D"]
[Result "0-1"]
[WhiteElo "2420"]
[BlackElo "2539"]
[EventDate "2017.11.29"]

1. Nf3 Nf6 2. c4 c6 3. Nc3 d5 4. e3 g6 5. d4 Bg7 6. Bd3 O-O 7. O-O Bg4 8.
h3 Bxf3 9. Qxf3 dxc4 10. Bxc4 Nbd7 11. Rd1 e5 12. d5 e4 13. Nxe4 Nxe4 14.
Qxe4 Nb6 15. Bb3 cxd5 16. Bxd5 Nxd5 17. Rxd5 Qb6 18. Qd3 Rad8 19. e4 Bd4
20. Qf3 Rfe8 21. Rxd8 Rxd8 22. Bg5 Qxb2 23. Re1 Rc8 24. Rd1 h5 25. Rd2 Rc1+
26. Kh2 Rc2 27. Qd3 Rxd2 28. Bxd2 Bxf2 29. Bc3 Qb6 30. Qd7 Bc5 31. e5 Qc6
32. Qd8+ Kh7 33. Ba1 Qe6 34. Qc7 Qc4 35. Qxb7 Qf1 36. h4 Bg1+ 37. Kg3 Qf2+
0-1

[Event "77th ch-ITA 2017"]
[Site "Cosenza ITA"]
[Date "2017.12.09"]
[Round "10"]
[White "Brunello,S"]
[Black "Garcia Palermo,C"]
[Result "1/2-1/2"]
[WhiteElo "2556"]
[BlackElo "2440"]
[EventDate "2017.11.29"]

1. d4 Nf6 2. c4 e6 3. Nf3 Bb4+ 4. Bd2 Qe7 5. g3 Bxd2+ 6. Qxd2 Nc6 7. Nc3 d5
8. cxd5 exd5 9. Bg2 O-O 10. O-O Bg4 11. Qf4 Rfe8 12. h3 Bxf3 13. Bxf3 Rad8
14. e3 Nb4 15. Be2 c5 16. Rad1 c4 17. a3 Nc6 18. Bf3 a6 19. g4 b5 20. g5
Ne4 21. Bxe4 dxe4 22. f3 exf3 23. Rxf3 b4 24. axb4 Nxb4 25. Rdf1 Nd5 26.
Nxd5 Rxd5 27. h4 Rd7 28. h5 Rd5 29. Rg3 g6 30. hxg6 hxg6 31. Qh4 Qe4 32.
Qxe4 Rxe4 33. Rc1 Rb5 34. Kf2 Rb4 35. Kf3 Rh4 36. Rg2 Kf8 37. Ra1 Rb3 38.
Rxa6 Rh3+ 39. Rg3 Rxg3+ 40. Kxg3 Rxe3+ 41. Kf4 Re2 42. Rc6 Ke7 43. Rxc4
Rxb2 44. Ke5 Rg2 45. Rc7+ Kd8 46. Kd6 Rxg5 47. Ra7 Kc8 48. Kc6 Kb8 49. Rxf7
Rf5 50. Rg7 Rf6+ 51. Kd7 g5 52. Rxg5 Rf7+ 53. Kd6 Rf6+ 54. Kd7 Rf7+ 55. Ke6
Rh7 56. Rc5 Rh6+ 57. Kd7 Rh7+ 58. Kd6 Rh6+ 59. Kd5 Kb7 60. Ke4 1/2-1/2

[Event "77th ch-ITA 2017"]
[Site "Cosenza ITA"]
[Date "2017.12.09"]
[Round "10"]
[White "Godena,M"]
[Black "Stella,A"]
[Result "1/2-1/2"]
[WhiteElo "2490"]
[BlackElo "2506"]
[EventDate "2017.11.29"]

1. e4 c5 2. c3 Nf6 3. e5 Nd5 4. Bc4 Nb6 5. Bb3 d5 6. exd6 Qxd6 7. Nf3 Nc6
8. Na3 a6 9. O-O Bf5 10. d4 cxd4 11. Nxd4 Nxd4 12. cxd4 e6 13. Qf3 Qc6 14.
Qg3 Bxa3 15. bxa3 O-O 16. h4 h5 17. Bb2 Nd5 18. Rac1 Qd7 19. a4 Rac8 20. a5
Rxc1 21. Rxc1 Qb5 22. Ba3 Rd8 23. Rc5 Qd3 24. Qxd3 Bxd3 25. Bxd5 Rxd5 26.
Rxd5 1/2-1/2

[Event "77th ch-ITA 2017"]
[Site "Cosenza ITA"]
[Date "2017.12.09"]
[Round "10"]
[White "David,Alb"]
[Black "Moroni,L"]
[Result "1/2-1/2"]
[WhiteElo "2570"]
[BlackElo "2506"]
[EventDate "2017.11.29"]

1. e4 e5 2. Nf3 Nc6 3. Bb5 a6 4. Ba4 Nf6 5. O-O b5 6. Bb3 Bc5 7. a4 Rb8 8.
Nxe5 Nxe5 9. d4 Bxd4 10. Qxd4 d6 11. Bf4 O-O 12. f3 c5 13. Qd2 c4 14. Ba2
Be6 15. Nc3 b4 16. Ne2 b3 17. Bb1 bxc2 18. Bxc2 Ng6 19. Be3 d5 20. e5 Nxe5
21. Nd4 Rb7 22. Rfe1 Bd7 23. Rad1 Re8 24. Bf2 a5 25. Qc3 Ng6 26. Rxe8+ Bxe8
27. Nf5 Bd7 28. Rxd5 Rb4 29. Rd2 Qe8 30. Nd6 Qe6 31. Bf5 Qe7 32. Bxd7 Qxd7
33. Nxc4 Qc8 34. b3 Nf4 35. Qe3 N6d5 36. Qc5 Qxc5 37. Bxc5 Rxb3 38. g3 Nd3
39. Nxa5 Rb1+ 40. Kg2 Rb2 41. Rxb2 Nxb2 42. Bd4 1/2-1/2

[Event "77th ch-ITA 2017"]
[Site "Cosenza ITA"]
[Date "2017.12.09"]
[Round "10"]
[White "Gilevych,Artem"]
[Black "Genocchio,D"]
[Result "0-1"]
[WhiteElo "2429"]
[BlackElo "2410"]
[EventDate "2017.11.29"]

1. d4 d6 2. Nf3 g6 3. c4 Bg7 4. Nc3 e5 5. dxe5 dxe5 6. Qxd8+ Kxd8 7. Bd2
Be6 8. O-O-O Nd7 9. Ng5 Bxc4 10. b3 h6 11. Nge4 Be6 12. Nc5 Nxc5 13. Bxh6+
Ke8 14. Bxg7 Rh5 15. g4 Bxg4 16. Nd5 Rc8 17. f4 exf4 18. Rg1 Bf5 19. Nxf4
Rxh2 20. Rd5 Ne6 21. Re5 Ne7 22. Bf6 Rf2 23. e3 Nc6 24. Bb5 Rxa2 25. Rg3
Kf8 26. Nxe6+ Bxe6 27. Rc5 Nb4 28. Bb2 Ra5 29. Re5 a6 30. Be2 Rxe5 31. Bxe5
Ke7 32. e4 f6 33. Bd4 c5 34. Bb2 Kf7 35. Rf3 f5 36. exf5 Bxf5 37. Bc4+ Ke7
38. Re3+ Kd7 39. Re2 Re8 40. Rd2+ Kc7 41. Bf6 Re1+ 42. Kb2 b5 43. Be2 Rb1+
44. Ka3 Re1 45. Be5+ Kc8 46. Bd6 Ra1+ 47. Kb2 Rb1+ 48. Ka3 Bc2 49. Bg4+ Kb7
50. Be6 Bf5 51. Bxf5 Ra1+ 52. Kb2 Ra2+ 53. Kc3 gxf5 0-1

[Event "77th ch-ITA 2017"]
[Site "Cosenza ITA"]
[Date "2017.12.10"]
[Round "11"]
[White "Moroni,L"]
[Black "Gilevych,Artem"]
[Result "1-0"]
[WhiteElo "2506"]
[BlackElo "2429"]
[EventDate "2017.11.29"]

1. d4 d5 2. Bf4 Nf6 3. e3 e6 4. Nf3 Bd6 5. Nbd2 Bxf4 6. exf4 Qd6 7. g3 c5
8. dxc5 Qxc5 9. Bd3 Nc6 10. c3 Bd7 11. Qe2 Qb6 12. Nb3 a5 13. Nbd4 Nxd4 14.
Nxd4 a4 15. a3 O-O 16. O-O Ra5 17. Rfe1 Ne4 18. Rad1 Rd8 19. Bxe4 dxe4 20.
Qxe4 g6 21. Qe2 Rd5 22. Rd2 Bb5 23. Qe3 Bc4 24. Red1 Qc7 25. h4 b5 26. Nf3
h5 27. Ne5 Qb7 28. Rd4 R8d6 29. R1d2 Bb3 30. Qe4 Qc7 31. Rxd5 Rxd5 32. Rxd5
Bxd5 33. Qb4 f6 34. Nxg6 Kg7 35. f5 exf5 36. Qxb5 Bc6 37. Nf4 Qxf4 38. Qxc6
Qc1+ 39. Kg2 Qxb2 40. Qxa4 Qxc3 41. Qa8 Qc4 42. Qf3 Kg6 43. Qf4 Qd5+ 44.
Kh2 Qa2 45. a4 Qa1 46. Kg2 Qa2 47. Qd4 Qa3 48. Qc4 Kg7 49. Qb5 f4 50. Qb7+
Kh6 51. Qe4 f3+ 52. Qxf3 Qxa4 53. Qxf6+ Kh7 54. Qf5+ 1-0

[Event "77th ch-ITA 2017"]
[Site "Cosenza ITA"]
[Date "2017.12.10"]
[Round "11"]
[White "Stella,A"]
[Black "David,Alb"]
[Result "1/2-1/2"]
[WhiteElo "2506"]
[BlackElo "2570"]
[EventDate "2017.11.29"]

1. d4 f5 2. g3 Nf6 3. Bg2 g6 4. Nf3 Bg7 5. O-O O-O 6. b3 b6 7. Ne5 c6 8.
Bb2 Bb7 9. c4 Qc8 10. Nd2 c5 11. d5 e6 12. e4 fxe4 13. dxe6 dxe6 14. Qe2
Nc6 15. Nxc6 Bxc6 16. Rad1 Rb8 17. Be5 Rb7 18. Nxe4 Nxe4 19. Bxe4 Bxe5 20.
Bxc6 Qxc6 21. Qxe5 Rd7 22. Rfe1 Qf3 23. Qxe6+ Kh8 24. Qe5+ Kg8 25. Qe6+ Kh8
26. Qe5+ Kg8 27. Qe6+ Kh8 28. Rxd7 Qxf2+ 29. Kh1 Qf3+ 30. Kg1 Qf2+ 31. Kh1
Qf3+ 32. Kg1 Qf2+ 33. Kh1 Qf3+ 34. Kg1 Qf2+ 35. Kh1 Qf3+ 36. Kg1 Qf2+
1/2-1/2

[Event "77th ch-ITA 2017"]
[Site "Cosenza ITA"]
[Date "2017.12.10"]
[Round "11"]
[White "Garcia Palermo,C"]
[Black "Godena,M"]
[Result "1/2-1/2"]
[WhiteElo "2440"]
[BlackElo "2490"]
[EventDate "2017.11.29"]

1. d4 d5 2. Nf3 Nf6 3. c4 dxc4 4. e3 a6 5. Bxc4 b5 6. Be2 Bb7 7. O-O e6 8.
b3 Nbd7 9. Bb2 Be7 10. Nc3 O-O 11. Rc1 1/2-1/2

[Event "77th ch-ITA 2017"]
[Site "Cosenza ITA"]
[Date "2017.12.10"]
[Round "11"]
[White "Dvirnyy,D"]
[Black "Brunello,S"]
[Result "0-1"]
[WhiteElo "2539"]
[BlackElo "2556"]
[EventDate "2017.11.29"]

1. d4 d5 2. c4 c6 3. e3 e6 4. Bd3 f5 5. Nc3 Nf6 6. Nge2 Bd6 7. Qc2 O-O 8.
f3 Qe7 9. O-O dxc4 10. Bxc4 b5 11. Bb3 b4 12. e4 bxc3 13. e5 cxb2 14. Qxb2
Bc7 15. exf6 Qxf6 16. Bf4 Bb6 17. Kh1 Na6 18. Be5 Qh6 19. Rac1 Bd7 20. f4
Rf7 21. Rf3 Qh4 22. Rg3 Qe7 23. Ng1 Nb4 24. Qe2 Nd5 25. Bxd5 exd5 26. Qh5
Qe6 27. Nf3 Re7 28. Ng5 Qg6 29. Qh4 Bd8 30. Ne4 Rxe5 31. Qh3 fxe4 32. Qxd7
Re7 0-1

[Event "77th ch-ITA 2017"]
[Site "Cosenza ITA"]
[Date "2017.12.10"]
[Round "11"]
[White "Valsecchi,A"]
[Black "Sonis,Francesco"]
[Result "1/2-1/2"]
[WhiteElo "2501"]
[BlackElo "2420"]
[EventDate "2017.11.29"]

1. e4 e5 2. Nf3 Nc6 3. Bb5 a6 4. Ba4 Nf6 5. O-O Be7 6. d3 d6 7. c3 O-O 8.
Re1 h6 9. Nbd2 b5 10. Bc2 Nh7 11. d4 Ng5 12. d5 Na5 13. b4 Nb7 14. Nxg5
Bxg5 15. a4 Bd7 16. c4 bxc4 17. Nxc4 a5 18. b5 Bxc1 19. Qxc1 Qh4 20. Ra3 f5
21. Rh3 Qe7 22. exf5 Bxf5 23. Rc3 Bxc2 24. Qxc2 Rf7 25. g3 Qf6 26. Re2 Raf8
27. Ne3 Qf3 28. Rd2 Nc5 29. Rxc5 dxc5 30. Qxc5 Qe4 31. Qc4 Qb1+ 32. Kg2 Qe1
33. Qc2 h5 34. h4 Rf3 35. Re2 Qb4 36. Qc4 Rxe3 37. Qxb4 Rxe2 38. Qc5 Rf7
39. Kf1 Ra2 40. Kg2 Rxa4 41. b6 cxb6 42. Qc8+ Rf8 43. Qe6+ Kh7 44. Qxb6 Rd4
45. Qxa5 Rf5 46. Qc5 Rd2 47. d6 Kg6 48. d7 Kh7 49. Qa7 e4 50. Qe3 Rxd7 51.
Qxe4 g6 52. Qe3 1/2-1/2